00410nam a22001452 4500001001100000005001700011008004100028040001500069050001700084110005900101245003300160260002900193300001000222650003200232000000503520151217155826.0070605s xx 000 0 eng d aKABUcKABU 0aT319b.K4K462 aKenya Industrial Property Institute (KIPI)@000015609610aGuide to patenting in Kenya. aNairobi :bKIPI,c[2005] a32 p. 0aPatentszKenya.@0000156097